000 00811nam a22002531 4500
001 33978
003 BD-RjUL
005 20211209052104.0
008 140512s1966 n a b 001 0 eng d
035 _a(BD-RjUL)34070
040 _aDLC
_cDLC
_dBD-RjUL
_beng
041 _aeng
082 0 0 _a301.15
_bSHI 1966
100 1 _aSherif, Muzafer
_d1905-
_991983
245 1 0 _aIn common predicament :
_bsocial psychology of intergroup conflict and cooperation /
_cSherif, Muzafer
260 _aNewYork :
_bHoughton Mifflin Co.,
_c1966.
300 _axv, 192 p. :
_billus. ;
_c22 cm.
490 0 _aThe International series in the behavioral sciences
504 _aIncludes index and Bibliography: p. 175-185.
650 0 _aSocial groups.
_9103275
942 _2ddc
_cBK
999 _c33978
_d33978